| 000 | 00680nam a2200217 a 4500 | ||
|---|---|---|---|
| 999 |
_c379 _d379 |
||
| 001 | 379 | ||
| 003 | BD-JhCC | ||
| 005 | 20171112184850.0 | ||
| 008 | 171004s2000 bg a|||| ||a| 000 0 ben d | ||
| 035 | _a(BD-JhCC) 379 | ||
| 040 |
_aBD-JhCC _dBD-JhCC |
||
| 041 | _aben | ||
| 082 |
_bHAS 2000 _a915.9704 |
||
| 100 | _aহাসান, মোরশেদ শফিউল | ||
| 245 |
_aঅবাক নাম ভিয়েতনাম / _cমোরশেদ শফিউল হাসান |
||
| 260 |
_aঢাকা : _bমাওলা ব্রাদাস, _c2000. |
||
| 300 |
_a64 p. : _c22 cm. |
||
| 650 |
_aTravel _zVietnam |
||
| 942 |
_2ddc _cBK |
||